Экономика и управление энергетическими предприятиями: учебник для вузов

Dettagli Bibliografici
Altri autori: Басова Т. Ф. Татьяна Федоровна (редактор), Борисов Е. И. Евгений Иванович, Бологова В. В. Валентина Владимировна, Кожевников Н. Н. Николай Николаевич, Леонова Э. Г. Эмилия Георгиевна
Riassunto:Рассмотрены экономические вопросы деятельности энергетических предприятий страны; общие вопросы экономики и управления энергетическими предприятиями. Большое внимание уделено финансово-экономической эффективности инвестиций в энергетику. Изложены вопросы экономики и управления электрическими и тепловыми сетями, Единой энергетической системой России в переходном периоде. Для студентов высших учебных заведений с факультетами энергетического профиля.
Lingua:russo
Pubblicazione: Москва, Academia, 2004
Serie:Высшее профессиональное образование
Soggetti:
Natura: MixedMaterials Libro
KOHA link:https://koha.lib.tpu.ru/cgi-bin/koha/opac-detail.pl?biblionumber=82354

MARC

LEADER 00000nam0a2200000 4500
001 82354
005 20231031095643.0
010 |a 5769516631 
021 |a RU  |b 04-67579  |9 04-3333 
035 |a (RuTPU)RU\TPU\book\88500 
090 |a 82354 
100 |a 20051003d2004 m u0rusy5002 ca 
101 0 |a rus 
102 |a RU 
105 |a a j 001zy 
200 1 |a Экономика и управление энергетическими предприятиями  |e учебник для вузов   |f Т. Ф. Басова, Е. И. Борисов, В. В. Бологова и др.  |g под ред. Н. Н. Кожевникова 
210 |a Москва  |c Academia  |d 2004 
215 |a 426, [1] с.  |c граф.  |d 22 см. 
225 1 |a Высшее профессиональное образование  |i Энергетика 
320 |a Библиогр.: с. 419-420. 
330 |a Рассмотрены экономические вопросы деятельности энергетических предприятий страны; общие вопросы экономики и управления энергетическими предприятиями. Большое внимание уделено финансово-экономической эффективности инвестиций в энергетику. Изложены вопросы экономики и управления электрическими и тепловыми сетями, Единой энергетической системой России в переходном периоде. Для студентов высших учебных заведений с факультетами энергетического профиля. 
610 1 |a энергетика 
610 1 |a энергетические предприятия 
610 1 |a экономика 
610 1 |a управление 
610 1 |a Россия 
610 1 |a энергетические ресурсы 
610 1 |a энергия 
610 1 |a баланс 
610 1 |a энергосистемы 
610 1 |a мощность 
610 1 |a капиталовложения 
610 1 |a основные средства 
610 1 |a оборотные средства 
610 1 |a себестоимость 
610 1 |a финансовое хозяйство 
610 1 |a учет 
610 1 |a отчетность 
610 1 |a инвестиционные проекты 
610 1 |a бизнес-план 
610 1 |a нагрузки 
610 1 |a распределение 
610 1 |a планирование 
610 1 |a ремонт 
610 1 |a заработная плата 
610 1 |a организация труда 
610 1 |a тепловые электрические станции 
610 1 |a ТЭС 
610 1 |a гидроэлектростанции 
610 1 |a ГЭС 
610 1 |a электрические сети 
610 1 |a тепловые сети 
610 1 |a классификация 
610 1 |a Единая энергетическая система 
610 1 |a ЕЭС 
610 1 |a тарифы 
610 1 |a продукция 
610 1 |a реализация 
610 1 |a учебники 
675 |a 620.9:658.5(075.8)  |v 3  |z rus 
701 1 |a Басова  |b Т. Ф.  |g Татьяна Федоровна  |4 070 
701 1 |a Борисов  |b Е. И.  |g Евгений Иванович  |4 070 
701 1 |a Бологова  |b В. В.  |g Валентина Владимировна  |4 070 
701 1 |a Кожевников  |b Н. Н.  |g Николай Николаевич 
701 1 |a Леонова  |b Э. Г.  |g Эмилия Георгиевна 
702 1 |a Кожевников  |b Н. Н.  |g Николай Николаевич  |4 340 
801 0 |a RU  |b RKP  |c 20041202  |g PSBO 
801 1 |a RU  |b 63413507  |c 20051003  |g PSBO 
801 2 |a RU  |b 63413507  |c 20170505  |g PSBO 
900 |a Экономика предприятия 
900 |a Теплоэнергетические системы промышленных предприятий 
900 |a Проектирование электроэнергетических систем и сетей 
900 |a Экономика и управление энергетическими предприятиями 
942 |c BK 
951 |a 550900  |b 100700